[Event "RUS-Cup"]
[Site "Omsk/Perm"]
[Date "1998.??.??"]
[Round "7"]
[White "Shchekachev, Andrei"]
[Black "Fominyh, Alexander"]
[Result "0-1"]
[WhiteElo "2565"]
[BlackElo "2530"]

1.e4 c5 2.Nf3 Nc6 3.d4 cxd4 4.Nxd4 e6 5.Nc3 Qc7 6.g3 a6 7.Bg2 Nf6 8.O-O Nxd4
9.Qxd4 Bc5 10.Bf4 d6 11.Qd2 h6 12.Rad1 e5 13.Be3 Bg4 14.Bxc5 dxc5 15.f3 Be6
16.f4 O-O 17.Qd6 Qa5 18.Qxe5 Rfe8 19.f5 Bc4 20.Qf4 Bxf1 21.Rxf1 c4 22.Kh1 Qe5
23.Rd1 b5 24.a3 a5 25.Bf3 b4 26.axb4 axb4 27.Nd5 Nxd5 28.exd5 Qxf4 29.gxf4 Ra2
30.d6 Rd8 31.d7 Kf8 32.Bc6 Ke7 33.Rd4 c3 34.bxc3 bxc3 35.Re4+ Kd6 36.Ba4 Rxa4
37.Rxa4 Kd5 38.Kg2 Rxd7 39.Kf3 Kc5 40.Re4 f6 41.Re8 Rd2 42.Re2 Kd4 43.Re4+ Kd5
44.Re7 Rxc2 45.Rc7 Rxh2  0-1

[Event "Ostrava IM"]
[Site "Ostrava"]
[Date "1998.??.??"]
[Round "?"]
[White "Klima, Lukas"]
[Black "Chekurov, Vyacheslav"]
[Result "1-0"]
[WhiteElo "2255"]
[BlackElo "2405"]

1.e4 c5 2.Nf3 e6 3.Nc3 Nc6 4.d4 cxd4 5.Nxd4 a6 6.Be2 Qc7 7.O-O Nf6 8.Bg5 Be7
9.Nxc6 bxc6 10.f4 Qb6+ 11.Kh1 Qxb2 12.Qd3 Qa3 13.Rab1 d5 14.exd5 cxd5 15.Bxf6 gxf6
16.Qg3 f5 17.Qg7 Rf8 18.Bh5 Bd7 19.Rfe1 Qd6 20.Re5 O-O-O 21.Bxf7 Rxf7 22.Qxf7 Rf8
23.Qh5 Bf6 24.Qe2 Bxe5 25.fxe5 Qc6 26.Qd2 d4 27.Ne2 Rg8 28.Nxd4 Qc5 29.Rb3 Qxe5
30.Qc3+ Qc7 31.Qf3 Qa7 32.Nc6 Qc5 33.Ne7+ Qxe7 34.Qa8+ Kc7 35.Qxg8 Bb5 36.Qg3+ e5
37.c4 Bc6 38.Qf2 Kc8 39.Qxf5+ Kc7 40.Rh3 Qd6 41.Rxh7+ Kb6 42.Qf2+ Ka5 43.h3 Qb4
44.Rh5 Qd6 45.Kh2 Kb4 46.c5  1-0

[Event "Atom Cup IM 3rd"]
[Site "Paks"]
[Date "1998.??.??"]
[Round "4"]
[White "Toth, Andras"]
[Black "Sebe, Florin"]
[Result "1-0"]
[WhiteElo "2330"]
[BlackElo "2235"]

1.e4 c5 2.Nf3 e6 3.d4 cxd4 4.Nxd4 Nc6 5.Nc3 Nf6 6.Ndb5 d6 7.Bf4 e5 8.Bg5 a6
9.Na3 b5 10.Nd5 Be6 11.c3 h6 12.Bxf6 gxf6 13.Nc2 f5 14.exf5 Bxf5 15.Nce3 Bg6
16.a4 b4 17.a5 Nb8 18.cxb4 Bg7 19.Qa4+ Kf8 20.Rc1 Ra7 21.Be2 e4 22.O-O Bxb2
23.Rc2 Be5 24.Rfc1 Kg7 25.Rc7 Rxc7 26.Rxc7 Qh4 27.g3 Qd8 28.h4 Bd4 29.b5 Bxe3
30.Qa1+  1-0

[Event "Pardubice Czech op"]
[Site "Pardubice"]
[Date "1998.??.??"]
[Round "1"]
[White "Goloshchapov, Alexander"]
[Black "Zaitsev, Mikhail"]
[Result "1-0"]
[WhiteElo "2400"]
[BlackElo "2270"]

1.e4 c5 2.Nf3 e6 3.d4 cxd4 4.Nxd4 Nc6 5.Nc3 Qc7 6.Be2 a6 7.O-O Nf6 8.Be3 Be7
9.f4 d6 10.a4 O-O 11.Kh1 Nxd4 12.Qxd4 e5 13.Qd3 exf4 14.Bxf4 Be6 15.Rad1 Rad8
16.Qg3 Kh8 17.e5 Ne8 18.Nd5 Bxd5 19.Rxd5 dxe5 20.Bxe5 Qxc2 21.Rxd8 Bxd8 22.Qa3 Kg8
23.Bd3 Qc6 24.Bxh7+ Kxh7 25.Qxf8 f6 26.Bc3 Bc7 27.Re1 Nd6 28.Bxf6 Nf5 29.Be5  1-0

[Event "Pardubice Czech op"]
[Site "Pardubice"]
[Date "1998.??.??"]
[Round "2"]
[White "Sluka, Radek"]
[Black "Kuporosov, Viktor"]
[Result "0-1"]
[WhiteElo "2380"]
[BlackElo "2500"]

1.e4 c5 2.Nf3 e6 3.d4 cxd4 4.Nxd4 Nc6 5.Nc3 Qc7 6.g3 a6 7.Bg2 Nf6 8.O-O d6
9.b3 Be7 10.Bb2 O-O 11.Nce2 Bd7 12.c4 Rac8 13.Re1 Rfd8 14.Nxc6 Bxc6 15.Nd4 Be8
16.Qe2 Qa5 17.a3 Nd7 18.f4 Bf6 19.b4 Qb6 20.e5 dxe5 21.fxe5 Bxe5 22.c5 Nxc5
23.bxc5 Qxb2 24.Qxb2 Bxd4+ 25.Qxd4 Rxd4 26.Bxb7 Rxc5 27.Rec1 Rxc1+ 28.Rxc1 Kf8
29.Rc8 Ke7 30.Bxa6 Bd7 31.Rc7 Kd6 32.Ra7 e5 33.a4 Bxa4 34.Rxf7 Rg4 35.Kf2 Bb3
36.Ra7 Ra4 37.Rb7 Bd5 38.Rxg7 Rxa6 39.Rxh7 Ra2+ 40.Ke3 Ra3+ 41.Kf2 e4 42.Rh4 e3+  0-1

[Event "Telecom op"]
[Site "Pardubice"]
[Date "1998.??.??"]
[Round "4"]
[White "Trkulja, Zoran"]
[Black "Ishbulatov, Sagit"]
[Result "1/2-1/2"]
[WhiteElo "2155"]
[BlackElo "2265"]

1.e4 c5 2.Nf3 e6 3.d4 cxd4 4.Nxd4 Nc6 5.Nc3 Qc7 6.f4 a6 7.Nf3 d6 8.Bd3 Nf6
9.O-O b5 10.a3 Bb7 11.Kh1 Rd8 12.Qe1 Be7 13.Qg3 Qb6  1/2-1/2

[Event "Pardubice Czech op"]
[Site "Pardubice"]
[Date "1998.??.??"]
[Round "4"]
[White "Volke, Karsten"]
[Black "Hracek, Zbynek"]
[Result "0-1"]
[WhiteElo "2460"]
[BlackElo "2610"]

1.e4 c5 2.Nf3 Nc6 3.d4 cxd4 4.Nxd4 e6 5.Nc3 Qc7 6.g3 a6 7.Bg2 Nf6 8.O-O d6
9.Be3 Be7 10.Na4 Ne5 11.Nb6 Qxb6 12.Nxe6 Qc6 13.Nxg7+ Kf8 14.Bh6 Nfg4 15.Qd2 Nxh6
16.Qxh6 Ng4 17.Ne6+ Ke8 18.Ng7+ Kd8 19.Qh5 Ne5 20.h3 Qb6 21.Kh1 Bd7 22.f4 Nc4
23.Nf5 Bxf5 24.exf5 Ne3 25.f6 Bxf6 26.Qxf7 Bxb2 27.Rae1 Nxg2 28.Re7 Qc6 29.Kh2 Kc8
30.c3 Ba3 31.Rb1 Ra7 32.Rg1 Ne3 33.f5 Nd5 34.Re2 Bc5 35.Rge1 Ne3 36.Rxe3 Bxe3
37.Rxe3 Kb8 38.Re7 Ra8 39.Qg7 Ka7 40.Qd4+ Qc5  0-1

[Event "Pardubice Czech op"]
[Site "Pardubice"]
[Date "1998.??.??"]
[Round "5"]
[White "Vavra, Pavel"]
[Black "Surjadnji, Aleksej"]
[Result "1-0"]
[WhiteElo "2340"]
[BlackElo "2420"]

1.e4 c5 2.Nf3 e6 3.d4 cxd4 4.Nxd4 Nc6 5.Nc3 Qc7 6.Be3 Nf6 7.Bd3 a6 8.O-O Be7
9.f4 d6 10.Qf3 O-O 11.Rae1 Nxd4 12.Bxd4 e5 13.Nd5 Nxd5 14.exd5 Bg4 15.Qxg4 exd4
16.Re2 Qd8 17.Qf3 Bf6 18.g4 h6 19.g5 hxg5 20.Qh3 g6 21.f5 Qd7 22.Qh6 Rad8
23.Ref2 Bg7 24.Qxg5 f6 25.Qxg6 Qf7 26.Rg2 Qxg6 27.Rxg6 Kf7 28.Rf4 Rde8 29.Re4 Rh8
30.Kg2 Bh6 31.h4 Be3 32.Rxd4 Re7 33.Rdg4 Bh6 34.b4 Re3 35.Rc4 Re7 36.Rg3 Bd2
37.Rcg4 Rh7 38.Rg8 Bxb4 39.Rd8 Bc5 40.Rg4 Rg7 41.Rg6 Rh7 42.Kg3 Bb6 43.Rxd6 Bc7
44.Rxf6+ Ke8 45.Kg4 Reg7+ 46.Kh3 Bxd6 47.Rxd6 Rg1 48.Re6+ Kd8 49.Be4 a5 50.f6 Rf7
51.Bf3 Rh7 52.d6 Rg8 53.Re7 Rgh8 54.h5 b5 55.Bg4 b4 56.f7 Rf8 57.Rc7  1-0

[Event "Pardubice Czech op"]
[Site "Pardubice"]
[Date "1998.??.??"]
[Round "5"]
[White "Goloshchapov, Alexander"]
[Black "Nizamov, Ildar"]
[Result "1-0"]
[WhiteElo "2400"]
[BlackElo "2400"]

1.e4 c5 2.Nf3 e6 3.d4 cxd4 4.Nxd4 Nc6 5.Nc3 Qc7 6.Be2 Nf6 7.O-O Be7 8.Be3 O-O
9.f4 d6 10.Kh1 Nxd4 11.Qxd4 e5 12.Qd3 exf4 13.Bxf4 Rd8 14.Qg3 Be6 15.Rad1 Qb6
16.Bh6 Ne8 17.Nd5 Bxd5 18.Rxd5 Bf8 19.Bc4 Qc7 20.Bb3 Kh8 21.Rdf5 f6 22.Rh5 Qe7
23.Bd2 g5 24.Bc3 Bg7 25.Bd5 Rac8 26.Qh3 Bf8 27.Rxf6  1-0

[Event "Pardubice Czech op"]
[Site "Pardubice"]
[Date "1998.??.??"]
[Round "6"]
[White "Agnos, Demetrios"]
[Black "Kuporosov, Viktor"]
[Result "1/2-1/2"]
[WhiteElo "2475"]
[BlackElo "2500"]

1.e4 c5 2.Nf3 e6 3.d4 cxd4 4.Nxd4 Nc6 5.Nc3 Qc7 6.Be3 a6 7.Be2 Nf6 8.O-O Be7
9.f4 d6 10.Kh1 O-O 11.Qe1 Bd7 12.Qg3 Kh8 13.Rae1 Rac8 14.a3 e5 15.Nf5 Bxf5
16.exf5 b5 17.Bd3 Rfe8 18.Qh3 d5 19.fxe5 Nxe5 20.Bf4 Bd6 21.Bg5 Ned7 22.g4 d4
23.Bxf6 Nxf6 24.Ne4 Nxe4 25.Rxe4 Rxe4 26.Bxe4 Re8 27.Bd3 f6 28.g5 fxg5 29.f6 Qb7+
30.Kg1 gxf6 31.Rxf6 Bf4 32.Kf2 Be3+ 33.Ke2 Bf4+ 34.Kf2 Be3+ 35.Ke2 Bf4+  1/2-1/2

[Event "Pardubice Czech op"]
[Site "Pardubice"]
[Date "1998.??.??"]
[Round "8"]
[White "Svatos, Jan"]
[Black "Borgo, Giulio"]
[Result "0-1"]
[WhiteElo "2355"]
[BlackElo "2430"]

1.e4 c5 2.Nf3 e6 3.Nc3 Nc6 4.d4 cxd4 5.Nxd4 Qc7 6.Be3 Nf6 7.Bd3 a6 8.Nxc6 bxc6
9.O-O d6 10.f4 e5 11.fxe5 Ng4 12.Qe2 Be6 13.Nd5 cxd5 14.exd5 Nxe3 15.dxe6 Nxf1
16.exf7+ Qxf7 17.Rxf1 Qe6 18.Bxa6 Qxe5 19.Qd3 Be7 20.Rf5 Qe1+ 21.Rf1 Qb4
22.Bb5+ Kd8 23.a4 Bf6 24.c3 Qc5+ 25.Kh1 Ra7 26.Rf5 Re7  0-1

[Event "Porto San Giorgio op"]
[Site "Porto San Giorgio"]
[Date "1998.??.??"]
[Round "5"]
[White "Mrdja, Milan"]
[Black "Rotstein, Arkadij"]
[Result "1-0"]
[WhiteElo "2380"]
[BlackElo "2485"]

1.e4 c5 2.Nf3 Nc6 3.Nc3 e6 4.d4 cxd4 5.Nxd4 Qc7 6.f4 a6 7.Nb3 b5 8.Bd3 Bb7
9.O-O Nf6 10.Be3 Bb4 11.Nb1 Na5 12.N1d2 Nc4 13.Bd4 Nxd2 14.Nxd2 Bxd2 15.Qxd2 Nxe4
16.Qe2 Nc5 17.f5 Rc8 18.Qg4 Rg8 19.fxe6 Nxe6 20.Qh5 Rf8 21.Rae1 Qc6 22.Be4 Qc4
23.Bxg7 Bxe4 24.Bxf8 Bg6 25.Qh6 Qd4+ 26.Kh1 Rxc2 27.Bg7 Qd5 28.Qh3 Be4 29.Rxe4 Qxe4
30.Bc3 Rf2 31.Rg1 Qf5 32.Qg3 Rf1 33.Qb8+ Ke7 34.Qa7 Ke8 35.Qxa6 d5 36.Bb4 Rf4
37.Qc6+  1-0

[Event "Porto San Giorgio op"]
[Site "Porto San Giorgio"]
[Date "1998.??.??"]
[Round "6"]
[White "Mrdja, Milan"]
[Black "Lazarev, Vladimir"]
[Result "1/2-1/2"]
[WhiteElo "2380"]
[BlackElo "2490"]

1.e4 c5 2.Nf3 e6 3.d4 cxd4 4.Nxd4 Nc6 5.Nc3 Qc7 6.g3 a6 7.Bg2 Nf6 8.O-O Bc5
9.Nb3 Ba7 10.Bg5 d6 11.Ne2 Ng4 12.c3 h6 13.Bc1 e5 14.h3 Nf6 15.Kh2 Be6 16.Qd3 O-O-O
17.Be3 d5 18.Bxa7 Nxa7 19.Qe3 Kb8 20.Nc5 Bc8 21.Rfd1 dxe4 22.c4 h5 23.Kg1 Nc6
24.Nxe4 Nxe4 25.Qxe4 f5 26.Qe3 h4 27.Bxc6 Rxd1+ 28.Rxd1 bxc6 29.Qg5 hxg3
30.Nxg3 f4 31.Ne4 Bxh3 32.Nd6 f3 33.Ne4 Ka8 34.Ng3 Bg2 35.c5 Qc8 36.Qg6 Qb7
37.b3 Qc7 38.Qe6 Kb8 39.Rd7 Qc8 40.Qxe5+ Ka8 41.Qd6 Re8 42.Kh2 Rh8+ 43.Kg1 Re8
44.Kh2 Rh8+ 45.Kg1  1/2-1/2

[Event "Mitropa Cup"]
[Site "Portoroz"]
[Date "1998.??.??"]
[Round "4"]
[White "Lakos, Nikoletta"]
[Black "Efimov, Igor"]
[Result "1-0"]
[WhiteElo "2385"]
[BlackElo "2530"]

1.e4 c5 2.Nf3 Nc6 3.d4 cxd4 4.Nxd4 e6 5.Nc3 Qc7 6.f4 d6 7.Be3 Nf6 8.Be2 Be7
9.O-O O-O 10.Bf3 Bd7 11.g4 Nxd4 12.Bxd4 e5 13.Bf2 exf4 14.g5 Ne8 15.Nd5 Qd8
16.h4 f6 17.g6 hxg6 18.Nxf4 Kh7 19.h5 gxh5 20.Bxh5 g5 21.Nd5 Nc7 22.Kg2 Nxd5
23.Qxd5 Qc8 24.Rh1 Kg7 25.Bd4 Qxc2+ 26.Kg1 Qd2 27.Bxf6+ Bxf6 28.Qxd2 Rac8
29.Rf1 Be6 30.Kg2 Rc5 31.Rc1 Rb5 32.Rc7+ Kg8 33.b3 Bd8 34.Rcc1 d5 35.Rcf1 Rf4
36.Rxf4 gxf4 37.Qxf4 dxe4 38.Qd6 Rg5+ 39.Kf1  1-0

[Event "Prague Comnet m"]
[Site "Prague"]
[Date "1998.??.??"]
[Round "2"]
[White "Navara, David"]
[Black "Hracek, Zbynek"]
[Result "0-1"]
[WhiteElo "2175"]
[BlackElo "2610"]

1.e4 c5 2.Nf3 e6 3.Nc3 Nc6 4.d4 cxd4 5.Nxd4 Qc7 6.g3 a6 7.Bg2 Nf6 8.O-O d6
9.Re1 Rb8 10.Nxc6 bxc6 11.Na4 Be7 12.c4 Nd7 13.Bf4 c5 14.Qd2 O-O 15.Rad1 Ne5
16.b3 Rd8 17.Bxe5 dxe5 18.Qc2 Bd7 19.Nc3 Qa5 20.Re3 Bc6 21.Rxd8+ Rxd8 22.Rd3 Rd4
23.Kf1 Qd8 24.Ke2 f5 25.Bf3 Qa8 26.Rd1 Bd8 27.g4 Ba5 28.gxf5 Bxc3 29.Qxc3 Bxe4
30.Bh5 exf5 31.Ke1 Qd8 32.Qg3 Qa5+ 33.Kf1 Rxd1+ 34.Bxd1 Qd2 35.Bh5 Qc1+ 36.Ke2 Qc2+
37.Ke1 Qb1+ 38.Ke2 Qxa2+ 39.Kd1 Qc2+ 40.Ke1 Qc1+ 41.Ke2 Bc2 42.Qxe5 Qd1+
43.Ke3 Qe1+ 44.Be2 Qc1+  0-1

[Event "RUS-ch sf"]
[Site "Pskov"]
[Date "1998.??.??"]
[Round "1"]
[White "Bezgodov, Alexei"]
[Black "Ishbulatov, Sagit"]
[Result "1-0"]
[WhiteElo "2520"]
[BlackElo "2250"]

1.e4 c5 2.Nf3 e6 3.Nc3 Nc6 4.d4 cxd4 5.Nxd4 Qc7 6.Be2 a6 7.O-O Nf6 8.Be3 Be7
9.f4 d6 10.Qe1 O-O 11.Qg3 Nxd4 12.Bxd4 b5 13.a3 Bb7 14.Rad1 Bc6 15.Bf3 Qb7
16.b4 a5 17.Rd3 axb4 18.axb4 Kh8 19.e5 dxe5 20.fxe5 Ne4 21.Nxe4 Bxe4 22.c3 Rad8
23.Qg4 Bd5 24.Bxd5 Qxd5 25.Rg3 g6 26.Qf4 Qc4 27.Rh3 Rg8 28.Qxf7 Rg7 29.Qf2 Bxb4
30.Rxh7+  1-0

[Event "RUS-ch sf"]
[Site "Pskov"]
[Date "1998.??.??"]
[Round "7"]
[White "Filipenko, Alexander V"]
[Black "Kalegin, Evgenij"]
[Result "0-1"]
[WhiteElo "2365"]
[BlackElo "2465"]

1.e4 c5 2.Nf3 e6 3.d4 cxd4 4.Nxd4 Nc6 5.Nc3 Qc7 6.f4 a6 7.Nxc6 Qxc6 8.Bd3 b5
9.Qe2 Bb7 10.Bd2 Ne7 11.a4 b4 12.Nd1 a5 13.c3 Ng6 14.O-O bxc3 15.Nxc3 Bc5+
16.Kh1 O-O  0-1

[Event "RUS-ch sf"]
[Site "Pskov"]
[Date "1998.??.??"]
[Round "9"]
[White "Varavin, Viktor"]
[Black "Ishbulatov, Sagit"]
[Result "1/2-1/2"]
[WhiteElo "2445"]
[BlackElo "2250"]

1.e4 c5 2.Nf3 e6 3.d4 cxd4 4.Nxd4 Nc6 5.Nc3 Qc7 6.Be2 a6 7.O-O Nf6 8.Be3 Be7
9.f4 d6 10.Qe1 O-O 11.Qg3 Nxd4 12.Bxd4 b5 13.a3 Bb7 14.Bd3 Nh5 15.Qg4 Nf6
16.Qh3 e5 17.Be3 exf4 18.Bxf4 Qd7 19.Qf3 Ng4 20.Qg3 Bf6 21.Bxd6 Bd4+ 22.Kh1 Nf2+
23.Rxf2 Bxf2 24.Qf4 Be3 25.Qg3 Bf2  1/2-1/2

[Event "CRO-chT2"]
[Site "Pula"]
[Date "1998.??.??"]
[Round "1"]
[White "Sax, Gyula"]
[Black "Bistric, Faruk"]
[Result "0-1"]
[WhiteElo "2535"]
[BlackElo "2430"]

1.e4 c5 2.Nf3 e6 3.d4 cxd4 4.Nxd4 Nc6 5.Nc3 Qc7 6.Be3 Nf6 7.Ndb5 Qb8 8.f4 d6
9.Qf3 Be7 10.Bd3 O-O 11.O-O a6 12.Nd4 Qc7 13.Nb3 b5 14.g4 Nd7 15.g5 Nb4 16.Nd4 Re8
17.a3 Nxd3 18.cxd3 Bb7 19.Rac1 Qd8 20.Qh3 Bf8 21.Nd1 Rc8 22.Nf2 e5 23.Nf3 exf4
24.Bxf4 Ne5 25.Nxe5 dxe5 26.Be3 a5 27.Qf3 Rxc1 28.Rxc1 b4 29.axb4 axb4 30.h4 Re6
31.Qd1 Rc6 32.Rxc6 Bxc6 33.Qa1 Bb5 34.b3 Qc7 35.Qa8 Bd7 36.Qa6 Be6 37.Qa4 Qc3
38.Qe8 Bxb3 39.h5 Be6 40.g6 hxg6 41.hxg6 b3  0-1

[Event "Pula op"]
[Site "Pula"]
[Date "1998.??.??"]
[Round "2"]
[White "Jaracz, Pawel"]
[Black "Velcheva, Maria"]
[Result "1-0"]
[WhiteElo "2480"]
[BlackElo "2300"]

1.e4 c5 2.Nf3 Nc6 3.d4 cxd4 4.Nxd4 e6 5.Nc3 Qc7 6.Be3 a6 7.Bd3 Nf6 8.O-O Ne5
9.h3 Bc5 10.Na4 Ba7 11.c4 d6 12.Rc1 Bd7 13.Nc3 O-O 14.b3 Rac8 15.a4 Bc5 16.Bb1 Qa5
17.Kh1 Ba3 18.Rc2 Bb4 19.Nde2 Bc6 20.f3 Nh5 21.Na2 Bc5 22.Bd2 Qc7 23.Bc3 Nxc4
24.bxc4 Bxa4 25.Qd2 Bxc2 26.Bxc2 e5 27.Bd3 Qd7 28.Nb4 a5 29.Nd5 b6 30.Qg5 g6
31.Qxh5 Qe6 32.Qh4  1-0

[Event "Pula op"]
[Site "Pula"]
[Date "1998.??.??"]
[Round "3"]
[White "Van den Doel, Erik"]
[Black "Drei, Andrea"]
[Result "0-1"]
[WhiteElo "2485"]
[BlackElo "2320"]

1.e4 c5 2.Nf3 e6 3.d4 cxd4 4.Nxd4 Nc6 5.Nc3 Qc7 6.Be3 a6 7.Bd3 Nf6 8.O-O Ne5
9.h3 Bc5 10.Kh1 d6 11.f4 Ng6 12.Qe1 O-O 13.f5 Ne5 14.Qh4 Bd7 15.g4 Qb6 16.g5 Ne8
17.fxe6 fxe6 18.Rxf8+ Kxf8 19.g6 Nxg6 20.Qxh7 Bxd4 21.Rf1+ Nf6 22.Rxf6+ gxf6
23.Bh6+ Ke8 24.Qxg6+ Kd8 25.Qg8+ Be8 26.Nd1 Qc7 27.Qxe6 Qd7 28.Qxd7+ Bxd7
29.c3 Bb6 30.Kh2 Ke7 31.Bf1 Be6 32.b3 d5 33.exd5 Bc7+ 34.Kg2 Bxd5+ 35.Kf2 Be6
36.Bc1 Rh8 37.Bg2 b5 38.Ne3 Bf4 39.Ba3+ Bd6 40.Bxd6+ Kxd6 41.Kg3 Ke5 42.Ng4+ Bxg4
43.hxg4 Rc8 44.c4 bxc4 45.bxc4 Rxc4  0-1

[Event "CRO-chT2"]
[Site "Pula"]
[Date "1998.??.??"]
[Round "5"]
[White "Kuczynski, Robert"]
[Black "Bistric, Faruk"]
[Result "0-1"]
[WhiteElo "2485"]
[BlackElo "2430"]

1.e4 c5 2.Nf3 e6 3.d4 cxd4 4.Nxd4 Nc6 5.Nc3 Qc7 6.Be2 Nf6 7.O-O a6 8.Be3 Be7
9.f4 d6 10.a4 O-O 11.Kh1 e5 12.Nxc6 bxc6 13.a5 exf4 14.Bxf4 Be6 15.Qd2 Rfd8
16.Be3 Qb7 17.Bb6 Re8 18.b3 Nd7 19.Bd4 c5 20.Be3 Bf6 21.Rad1 Be5 22.Bf4 Nf6
23.Bxe5 dxe5 24.Rxf6 gxf6 25.Qh6 Qe7 26.Nd5 Bxd5 27.exd5 e4 28.Rf1 Qe5 29.Rxf6 Rad8
30.c4 Rd6  0-1

[Event "CRO-Cup"]
[Site "Pula"]
[Date "1998.??.??"]
[Round "5"]
[White "Kosanski, Stanko"]
[Black "Stevic, Hrvoje"]
[Result "1/2-1/2"]
[WhiteElo "2365"]
[BlackElo "2455"]

1.e4 c5 2.Nf3 e6 3.Nc3 Nc6 4.d4 cxd4 5.Nxd4 Nf6 6.g3 d6 7.Bg2 Bd7 8.O-O Be7
9.Nce2 a6 10.c4 O-O 11.b3 Rc8 12.Qd2  1/2-1/2

[Event "Pula op"]
[Site "Pula"]
[Date "1998.??.??"]
[Round "7"]
[White "Jovanovic, Zoran2"]
[Black "Kragelj, Igor"]
[Result "1/2-1/2"]
[WhiteElo "2190"]
[BlackElo "2310"]

1.e4 c5 2.Nf3 Nc6 3.Nc3 e6 4.d4 cxd4 5.Nxd4 Qc7 6.Be2 a6 7.O-O Nf6 8.Kh1 Be7
9.f4 d6 10.Be3 O-O 11.a4 Re8 12.Qe1 Nxd4 13.Bxd4 e5 14.fxe5 dxe5 15.Qg3 Bd8
16.Be3 Kh8 17.Nd5 Nxd5 18.exd5 f5 19.Bg5 Bxg5 20.Qxg5 Bd7 21.c4 a5 22.b3 Qd6
23.Bh5 Rf8 24.Rae1 g6 25.c5 Qxd5 26.Bxg6 Qg8  1/2-1/2

[Event "Pula op"]
[Site "Pula"]
[Date "1998.??.??"]
[Round "8"]
[White "Delchev, Aleksander"]
[Black "Velcheva, Maria"]
[Result "1-0"]
[WhiteElo "2545"]
[BlackElo "2300"]

1.e4 c5 2.Nf3 e6 3.d4 cxd4 4.Nxd4 Nc6 5.Nc3 Qc7 6.g3 a6 7.Bg2 Nf6 8.O-O d6
9.Be3 Be7 10.Qe2 O-O 11.Rad1 Bd7 12.f4 Rab8 13.Kh1 b5 14.e5 Ne8 15.Ne4 Nxd4
16.Bxd4 d5 17.Nf2 g6 18.Ng4 Qc4 19.Qd2 f5 20.Ne3 Qc8 21.Ba7 Nc7 22.Bxb8 Qxb8
23.c3 Qb6 24.b4 Bc6 25.g4 fxg4 26.Nxg4 Ne8 27.f5 gxf5 28.Qh6 Bb7 29.Ne3 Ng7
30.Rg1 Rf7 31.Nxd5 Bxd5 32.Bxd5  1-0

[Event "Radenci op"]
[Site "Radenci"]
[Date "1998.??.??"]
[Round "?"]
[White "Cosic, Radoslav"]
[Black "Nikolov, Sasho"]
[Result "0-1"]
[WhiteElo "2145"]
[BlackElo "2415"]

1.e4 c5 2.Nc3 e6 3.Nf3 Nc6 4.d4 cxd4 5.Nxd4 Qc7 6.Be3 a6 7.Be2 Nf6 8.O-O Bb4
9.Na4 O-O 10.Nxc6 bxc6 11.f4 e5 12.fxe5 Qxe5 13.Bd4 Qxe4 14.Nb6 Rb8 15.Nxc8 Rbxc8
16.Bxf6 gxf6 17.Bxa6 Ra8 18.Bd3 Qh4 19.Rf3 Rfe8 20.Rg3+ Kf8 21.c3 Bd6 22.Rh3 Bc5+
23.Kh1 Qf2 24.Rxh7 Qxb2 25.Qf1 Qxc3 26.Rc1 Qd2 27.Rd1 Qf2 28.Qxf2 Bxf2 29.Bc4 d5
30.Bb3 Kg8 31.Rh3 Re2 32.Rf3 Kg7 33.h3 Rae8 34.Rf1 Bd4 35.Rf4 Rd2 36.Rg4+ Kf8
37.h4 Be5 38.a4 Rb8 39.Rf3 Rxb3  0-1

[Event "Jirasek mem"]
[Site "Rakovnik"]
[Date "1998.??.??"]
[Round "3"]
[White "Kafka, Ladislav"]
[Black "Kovar, Petr"]
[Result "1-0"]
[WhiteElo "1775"]
[BlackElo "1875"]

1.e4 c5 2.Nf3 Nc6 3.d4 cxd4 4.Nxd4 e6 5.Nc3 a6 6.Be2 Qc7 7.a4 Nf6 8.O-O Be7
9.Be3 d6 10.f4 O-O 11.Kh1 Bd7 12.Nb3 b6 13.g4 Bc8 14.g5 Nd7 15.Qe1 Bb7 16.Rf3 Nb4
17.Bd3 f5 18.Rh3 g6 19.Kg1 Nxd3 20.cxd3 Nc5 21.Qd1 fxe4 22.Nxc5 dxc5 23.dxe4 Bd6
24.f5 exf5 25.Nd5 Qd8 26.Qb3 Bxd5 27.Qxd5+ Kg7 28.Bd2 h5 29.Bc3+ Kh7 30.Bf6 Be7
31.Rxh5+  1-0

[Event "VISA GP"]
[Site "Reykjavik"]
[Date "1998.??.??"]
[Round "5"]
[White "Nijboer, Friso"]
[Black "Hall, Jesper"]
[Result "0-1"]
[WhiteElo "2580"]
[BlackElo "2460"]

1.e4 c5 2.Nf3 Nc6 3.d4 cxd4 4.Nxd4 e6 5.Nc3 d6 6.g4 a6 7.Be3 Nge7 8.Nb3 b5
9.Bg2 Ne5 10.Qe2 Bb7 11.Nd2 g5 12.Bxg5 Rg8 13.h4 h6 14.Bf4 Nxg4 15.O-O-O Qc7
16.e5 dxe5 17.Bxe5 Nxe5 18.Bxb7 Ra7 19.Nde4 Bg7 20.Nd6+ Kf8 21.Qe3 N7c6 22.Bxc6 Nxc6
23.Qc5 Nd4 24.Qa3 Qe7 25.Rhg1 Be5 26.Qc5 Qxd6 27.Qc8+ Ke7 28.Rxg8 Qc7 29.Qf8+ Kf6
30.Qxh6+ Ke7 31.Qf8+ Kf6 32.Qg7+ Ke7 33.Qg5+ Kd7 34.Rf8 Bf4+ 35.Kb1 Bxg5
36.Rxf7+ Be7 37.Rxd4+ Kc6 38.a4 Qb6 39.Re4 Bd6 40.Rf6 Re7 41.axb5+ axb5 42.h5 Qc5
43.Rexe6 Rxe6 44.Rxe6 Qxh5 45.b3 Qh3 46.Ne2 Qf1+ 47.Kb2 Kd5 48.Re3 b4 49.f4 Bf8
50.c4+ Kc6 51.Kc2 Bg7 52.Kd2 Qb1 53.Rd3 Kc7 54.Ke3 Qb2 55.Kf3 Bc3 56.Ke3 Be1
57.Kf3 Qc2 58.Re3 Bd2  0-1

[Event "NLD-ch (Women)"]
[Site "Rheden"]
[Date "1998.??.??"]
[Round "4"]
[White "Jap Tjoen San, Linda"]
[Black "Sziva, Erika"]
[Result "0-1"]
[WhiteElo "2195"]
[BlackElo "2310"]

1.e4 c5 2.Nf3 e6 3.d4 cxd4 4.Nxd4 Nc6 5.Nc3 Qc7 6.f4 Nxd4 7.Qxd4 a6 8.Be3 b5
9.Be2 Bb7 10.O-O-O Rc8 11.Rd2 Nf6 12.Bf3 Be7 13.g4 Bc5 14.Qxc5 Qxc5 15.Bxc5 Rxc5
16.Rhd1 Bc6 17.g5 b4 18.Nd5 exd5 19.exd5 Bb7 20.gxf6 gxf6 21.Re1+ Kd8 22.Rd4 a5
23.Re3 d6 24.a3 bxa3 25.Rxa3 Rg8 26.Rad3 Bc8 27.Be4 Rg4 28.Bxh7 f5 29.Rg3 Rxg3
30.hxg3 Ke7 31.Kd2 Kf6 32.g4 fxg4 33.Bd3 Bf5 34.c3 Bxd3 35.Kxd3 Kf5 36.Ke3 Rc8
37.Ra4 Re8+ 38.Kf2 Rb8 39.b4 axb4 40.Rxb4 Rxb4 41.cxb4 Ke4 42.f5 Kxd5 43.Kg3 Kc4
44.Kxg4 d5 45.Kg5 d4 46.b5 Kxb5 47.Kf6 d3 48.Kxf7 d2 49.f6 d1=Q 50.Kf8 Qd6+
51.Kg7 Qe5 52.Kg6 Kc6 53.f7 Qh8  0-1

[Event "NLD-ch (Women)"]
[Site "Rheden"]
[Date "1998.??.??"]
[Round "6"]
[White "Jap Tjoen San, Linda"]
[Black "De Kleuver, Esther"]
[Result "1-0"]
[WhiteElo "2195"]
[BlackElo "2190"]

1.e4 c5 2.Nf3 e6 3.d4 cxd4 4.Nxd4 Nc6 5.Nc3 d6 6.Be3 Nf6 7.f4 Bd7 8.Qf3 a6
9.O-O-O Qc7 10.g4 Nxd4 11.Rxd4 e5 12.fxe5 dxe5 13.Rc4 Qa5 14.g5 Ng4 15.Bd2 b5
16.h3 h5 17.Nb1 Qxa2 18.Rc7 Bd6 19.Rc3 Be6 20.hxg4 Qa1 21.Rb3 Bxb3 22.Qxb3 h4
23.g6 Ra7 24.Qd5 O-O 25.Qxd6 fxg6 26.Bb4 Re8 27.Qd5+ Rf7 28.Bd3 g5 29.Rf1  1-0

[Event "BRA-ch"]
[Site "Rio de Janeiro"]
[Date "1998.??.??"]
[Round "4"]
[White "Lima, Darcy"]
[Black "Vescovi, Giovanni"]
[Result "1/2-1/2"]
[WhiteElo "2475"]
[BlackElo "2480"]

1.e4 c5 2.Nf3 e6 3.d4 cxd4 4.Nxd4 Nc6 5.Nc3 Nf6 6.Nxc6 bxc6 7.e5 Nd5 8.Ne4 Qc7
9.f4 f5 10.Ng5 Be7 11.c4 Nb6 12.Be3 c5 13.Bd3 Bb7 14.Qe2 g6 15.h4 h6 16.Nf3 O-O-O
17.O-O-O Rhg8 18.Bd2 Bc6 19.Qe3 Qb7 20.Be2 Qa6 21.Kb1 Nxc4 22.b3 Na3+ 23.Kb2 Bb5
24.Bxb5 Nxb5 25.Rc1 Kb8 26.Rc4 d5 27.exd6 Qxd6 28.Ba5 Bf6+ 29.Ne5 Rc8 30.Rhc1 Nd4
31.Rxc5 Rxc5 32.Rxc5 Rc8 33.Bb4 Qd8 34.Ba5 Qd6 35.Bb4 Qd8 36.Qc3 Bxe5 37.fxe5 Rxc5
38.Bxc5 Nc6 39.Bd6+ Kb7 40.Qc4 Qa5 41.b4 Qb6 42.Qxe6 Qd4+ 43.Ka3 Qd3+ 44.Qb3 Qe4
45.Qc3 a6 46.Ka4 Qe2 47.Kb3 Qxg2 48.Qc4 Qf3+ 49.Kb2 Qf2+ 50.Ka3 Qf3+ 51.Qb3 Qxb3+
52.Kxb3 g5 53.hxg5 hxg5 54.Kc4 f4 55.e6 f3 56.Bg3 Kc8 57.a4 Ne5+ 58.Kd4 Ng4
59.b5 axb5 60.axb5 Kd8 61.b6 Kc8 62.Ke4 Nf6+ 63.Ke5 Ne8 64.Bf2 Kb7 65.e7 Kc6
66.Kf5 Kd7 67.Kxg5 Nd6 68.Kf6 Ke8 69.Ke6 Nb7 70.Bg3 Na5 71.Bh4 Nb7 72.Bf2 Na5
73.Bg3 Nb7 74.Bh4 Na5 75.Kd6 Nc4+ 76.Kc5  1/2-1/2

[Event "Rio de Janeiro op"]
[Site "Rio de Janeiro"]
[Date "1998.??.??"]
[Round "6"]
[White "Socko, Bartosz"]
[Black "Vescovi, Giovanni"]
[Result "1/2-1/2"]
[WhiteElo "2485"]
[BlackElo "2480"]

1.e4 c5 2.Nf3 e6 3.d4 cxd4 4.Nxd4 Nc6 5.Nc3 Qc7 6.Be3 Nf6 7.Bd3 a6 8.O-O Ne5
9.h3 Bc5 10.Qe2 d6 11.Rad1 O-O 12.Nb3 Bxe3 13.Qxe3 b5 14.f4 Ng6 15.a3 Bb7
16.Rf2 Rad8 17.Bf1 Rfe8 18.g3 e5 19.f5 Ne7 20.Bg2 d5 21.Qc5 Qb8 22.exd5 e4
23.d6 e3 24.Re2 Bxg2 25.Kxg2 Rc8 26.Qxe3 Nxf5 27.Qd3 Rxe2+ 28.Nxe2 Nd5 29.Kh2 Nde3
30.Nbd4 Qb7 31.Rg1 g6 32.Nxf5 Nxf5 33.d7 Rd8 34.Rd1 Qb6 35.Qf3 Qc7 36.Qe4 Nd6
37.Qd4 Rxd7 38.Nc3 Nf5 39.Qxd7 Qxg3+ 40.Kh1 Qf2 41.Rd3 Qf1+  1/2-1/2

[Event "BRA-ch"]
[Site "Rio de Janeiro"]
[Date "1998.??.??"]
[Round "6"]
[White "Matsuura, Everaldo"]
[Black "Vescovi, Giovanni"]
[Result "0-1"]
[WhiteElo "2405"]
[BlackElo "2480"]

1.e4 c5 2.Nf3 e6 3.d4 cxd4 4.Nxd4 Nc6 5.Nc3 Qc7 6.Be2 a6 7.O-O Nf6 8.Be3 Bb4
9.Na4 O-O 10.c4 Be7 11.Nc3 d6 12.Rc1 Nxd4 13.Bxd4 b6 14.Qd3 Bb7 15.Rfd1 Rac8
16.Qe3 Nd7 17.Qg3 Ne5 18.f4 Ng6 19.Qe3 Nxf4 20.Qxf4 e5 21.Qd2 exd4 22.Nd5 Bxd5
23.cxd5 Qa7 24.Qxd4 Bf6 25.Qd2 b5+ 26.Kf1 Rce8 27.Bf3 g6 28.Rc6 Be5 29.Qf2 Qb7
30.Kg1 Ra8 31.Rdc1 Qe7 32.Rd1 h5 33.b3 Kg7 34.Rdc1 Qf6 35.Rd1 a5 36.a3 h4
37.h3 Qf4 38.Qd2 Qf6 39.Rc7 Bb2 40.a4 bxa4 41.bxa4 Rab8 42.Rc4 Be5 43.Rf1 Rb2
44.Qe3 Rc8 45.Rxc8 Bd4  0-1